[Event "Muensterland op 31st"]
[Site "Senden"]
[Date "2013.10.27"]
[Round "1"]
[White "Wehling, Ulrich"]
[Black "Hedke, Fred"]
[Result "1/2-1/2"]
[WhiteElo "1964"]
[BlackElo "2300"]
[PlyCount "80"]
[EventDate "2013.10.27"]
[EventType "swiss"]
[EventRounds "9"]
[EventCountry "GER"]
[SourceTitle "EXT 2014"]
[Source "ChessBase"]
[SourceDate "2013.11.20"]
[SourceVersion "1"]
[SourceVersionDate "2013.11.20"]
[SourceQuality "1"]

1. d4 d5 2. Bf4 Nf6 3. e3 g6 4. Bd3 Bg7 5. h3 0-0 6. Nf3 c5 7. c3 Nc6 8. Nbd2 Nd7 9. 0-0 e5 10. dxe5 Ndxe5 11. Bc2 b6 12. Nxe5 Nxe5 13. Nf3 Nc4 14. Qc1 Bb7 15. Nd2 Ne5 16. Qb1 f5 17. Bxe5 Bxe5 18. Nf3 Bf6 19. Qd1 Qe7 20. Re1 Rad8 21. Qe2 Kh8 22. Rad1 a6 23. Rd2 Rfe8 24. Bd1 Qc7 25. Qd3 Re6 26. Qf1 Qe7 27. Be2 a5 28. Red1 Red6 29. Re1 Qg7 30. Red1 Qc7 31. Rc1 Re6 32. b4 f4 33. exf4 Qxf4 34. bxc5 bxc5 35. Rb1 Bc6 36. Qc1 Rde8 37. Qc2 d4 38. g3 Qf5 39. Qxf5 gxf5 40. Kf1 dxc3 1/2-1/2

[Event "Muensterland op 30th"]
[Site "Senden"]
[Date "2012.10.06"]
[Round "1"]
[White "Wehling, Ulrich"]
[Black "Borovikov, Vladislav"]
[Result "0-1"]
[WhiteElo "2012"]
[BlackElo "2571"]
[PlyCount "64"]
[EventDate "2012.10.06"]
[EventType "swiss"]
[EventRounds "9"]
[EventCountry "GER"]
[SourceTitle "EXT 2013"]
[Source "ChessBase"]
[SourceDate "2012.11.22"]
[SourceVersion "1"]
[SourceVersionDate "2012.11.22"]
[SourceQuality "1"]

1. d4 d5 2. Bf4 c5 3. e3 Nc6 4. c3 Nf6 5. Bd3 Qb6 6. b3 Bg4 7. f3 Bh5 8. Ne2 e6 9. g4 Bg6 10. Bxg6 hxg6 11. Nd2 cxd4 12. exd4 Qd8 13. Ng3 Ba3 14. Rb1 Bd6 15. Bxd6 Qxd6 16. Ndf1 b5 17. b4 a5 18. a4 Rb8 19. axb5 Rxb5 20. Qa4 Qb8 21. Ne2 axb4 22. cxb4 0-0 23. Nd2 Qb6 24. Nc3 Rxb4 25. Rxb4 Nxb4 26. Nb5 Nd3+ 27. Ke2 Nf4+ 28. Kf2 e5 29. Rb1 e4 30. fxe4 dxe4 31. Qa7 Qe6 32. d5 e3+ 0-1

[Event "Muensterland Verbandsklasse-A 0708"]
[Site "Germany"]
[Date "2008.05.17"]
[Round "9.1"]
[White "Kuester, Thomas"]
[Black "Wehling, Ulrich"]
[Result "1/2-1/2"]
[WhiteElo "2023"]
[BlackElo "1650"]
[PlyCount "83"]
[EventDate "2007.09.22"]
[EventType "team-tourn"]
[EventRounds "9"]
[EventCountry "GER"]
[SourceTitle "EXT 2009"]
[Source "ChessBase"]
[SourceDate "2008.11.26"]
[SourceVersion "1"]
[SourceVersionDate "2008.11.26"]
[SourceQuality "1"]
[WhiteTeam "Heiden II"]
[BlackTeam "Muenster SK IV"]
[WhiteTeamCountry "GER"]
[BlackTeamCountry "GER"]

1. f4 c5 2. Nf3 Nf6 3. e3 g6 4. Be2 Bg7 5. 0-0 0-0 6. d3 d5 7. Ne5 Nfd7 8. Nxd7 Nxd7 9. Bf3 Nf6 10. Nd2 Qc7 11. g4 Rd8 12. g5 Ne8 13. Bg4 Nd6 14. Bxc8 Qxc8 15. Qf3 Nf5 16. Re1 b5 17. Nf1 a5 18. Bd2 b4 19. c3 bxc3 20. bxc3 d4 21. cxd4 cxd4 22. e4 Ne3 23. Rac1 Qa6 24. Qe2 Rab8 25. Nxe3 dxe3 26. Bxe3 Qxd3 27. Qxd3 Rxd3 28. Rc2 Rxe3 29. Rxe3 Bd4 30. Kf2 a4 31. Ke2 Bxe3 32. Kxe3 a3 33. Kd3 f5 34. exf5 gxf5 35. Rc3 Rb2 36. Rxa3 Rxh2 37. Kd4 Re2 38. Re3 Rxa2 39. Rxe7 Ra5 40. Re5 Ra4+ 41. Ke3 Ra3+ 42. Kf2 1/2-1/2

[Event "Muenster Bezirksliga 0506"]
[Site "Muenster"]
[Date "2005.12.17"]
[Round "4.6"]
[White "Wehling, Ulrich"]
[Black "Jurkait, Karl Heinz"]
[Result "1-0"]
[WhiteElo "1777"]
[BlackElo "1570"]
[PlyCount "95"]
[EventDate "2005.09.10"]
[EventType "team"]
[EventRounds "9"]
[EventCountry "GER"]
[SourceTitle "EXT 2007"]
[Source "ChessBase"]
[SourceDate "2006.11.23"]
[SourceVersion "1"]
[SourceVersionDate "2006.11.23"]
[SourceQuality "1"]
[WhiteTeam "Muenster IV"]
[BlackTeam "Muenster"]
[WhiteTeamCountry "GER"]
[BlackTeamCountry "GER"]

1. d4 Nf6 2. h3 e6 3. Nf3 d5 4. Bf4 Bd6 5. Bxd6 Qxd6 6. c3 0-0 7. Nbd2 Nbd7 8. e3 c5 9. Bd3 b6 10. 0-0 Bb7 11. Bc2 Rfe8 12. Re1 e5 13. dxe5 Nxe5 14. Nxe5 Qxe5 15. f4 Qh5 16. Qxh5 Nxh5 17. Nf3 Nf6 18. Ne5 Rad8 19. Rad1 Kf8 20. g4 h6 21. Rd2 a6 22. Red1 Ke7 23. Kf2 b5 24. h4 Nd7 25. Nxd7 Rxd7 26. e4 Red8 27. e5 Rc7 28. f5 Kf8 29. g5 Re8 30. Re1 Rd7 31. Rde2 f6 32. gxh6 gxh6 33. e6 Rg7 34. Rg1 Ree7 35. Ree1 Bc6 36. Bd1 Rxg1 37. Rxg1 Rg7 38. Rxg7 Kxg7 39. Ke3 Kf8 40. b4 cxb4 41. cxb4 Ke7 42. Kd4 Kd6 43. Bh5 Bb7 44. Be8 Ba8 45. Bd7 Bb7 46. a3 Ba8 47. Bc8 Bc6 48. Bxa6 1-0

[Event "Muensterland Verbandsklasse-B 0405"]
[Site "Muensterland"]
[Date "2005.03.05"]
[Round "7.5"]
[White "Korb, Andreas"]
[Black "Wehling, Ulrich"]
[Result "1/2-1/2"]
[WhiteElo "2041"]
[BlackElo "1791"]
[PlyCount "105"]
[EventDate "2004.09.11"]
[EventType "team-tourn"]
[EventRounds "9"]
[EventCountry "GER"]
[SourceTitle "EXT 2006"]
[Source "ChessBase"]
[SourceDate "2005.11.24"]
[SourceVersion "1"]
[SourceVersionDate "2005.11.24"]
[SourceQuality "1"]
[WhiteTeam "Telgte"]
[BlackTeam "Muenster IV"]
[WhiteTeamCountry "GER"]
[BlackTeamCountry "GER"]

1. Nc3 d5 2. e4 dxe4 3. Nxe4 Nf6 4. Nxf6+ exf6 5. Qf3 Bd6 6. d4 0-0 7. Bd3 c6 8. Ne2 Re8 9. 0-0 Nd7 10. Bf4 Nf8 11. Rfd1 Ng6 12. Bxd6 Qxd6 13. c4 f5 14. g3 Bd7 15. Nf4 Nxf4 16. Qxf4 Qxf4 17. gxf4 Be6 18. Bf1 Rad8 19. Rd2 Rd6 20. Rad1 Red8 21. b3 b5 22. cxb5 Bd5 23. f3 cxb5 24. Bxb5 Bxf3 25. Rc1 g6 26. Kf2 Be4 27. Ke3 a6 28. Bf1 Re8 29. Kf2 Red8 30. Rc4 Bc6 31. Rc5 Be4 32. Ke3 Re8 33. Re5 Rc8 34. Bc4 Kf8 35. d5 h5 36. Kd4 h4 37. b4 Rb6 38. Rb2 f6 39. Re6 Rxe6 40. dxe6 Rd8+ 41. Ke3 Bb7 42. Rd2 Rxd2 43. Kxd2 Ke7 44. Kc3 g5 45. Kd4 Kd6 46. fxg5 fxg5 47. e7 Kxe7 48. Ke5 g4 49. Kf4 Kd6 50. Bf1 g3 51. hxg3 hxg3 52. Kxg3 Ke5 53. a3 1/2-1/2

[Event "Muensterland Verbandsklasse-B 0405"]
[Site "Muensterland"]
[Date "2004.10.02"]
[Round "2.7"]
[White "Musholt, Joachim"]
[Black "Wehling, Ulrich"]
[Result "1-0"]
[WhiteElo "1714"]
[BlackElo "1854"]
[PlyCount "119"]
[EventDate "2004.09.11"]
[EventType "team-tourn"]
[EventRounds "9"]
[EventCountry "GER"]
[SourceTitle "EXT 2006"]
[Source "ChessBase"]
[SourceDate "2005.11.24"]
[SourceVersion "1"]
[SourceVersionDate "2005.11.24"]
[SourceQuality "1"]
[WhiteTeam "Suedlohn II"]
[BlackTeam "Muenster IV"]
[WhiteTeamCountry "GER"]
[BlackTeamCountry "GER"]

1. e4 Nf6 2. e5 Nd5 3. d4 d6 4. Nf3 g6 5. Bc4 dxe5 6. Nxe5 Bg7 7. Qf3 Be6 8. Nc3 c6 9. 0-0 0-0 10. Bb3 Nc7 11. Be3 Nd7 12. Rad1 Bxb3 13. axb3 Nf6 14. Qh3 Qc8 15. Qh4 Qf5 16. Rd3 Ncd5 17. g4 Qe6 18. Bg5 Nxc3 19. bxc3 Nd5 20. Rh3 h5 21. gxh5 Bxe5 22. hxg6 Qxg6 23. dxe5 f6 24. Rg3 Kf7 25. Bxf6 Qf5 26. Rg7+ Ke6 27. Rg5 Rg8 28. Bg7 Qf3 29. Qh6+ Kd7 30. Rg3 Qf5 31. Rd1 Kc7 32. e6 Rad8 33. Qh4 Qxe6 34. c4 Qe2 35. Ra1 Nf6 36. Qf4+ Kc8 37. Bxf6 Rxg3+ 38. hxg3 exf6 39. Qf5+ Kb8 40. Kg2 Qe5 41. Ra5 Qxf5 42. Rxf5 Rd6 43. Kh3 Kc7 44. Kg4 Kd7 45. Kh5 b6 46. Kg6 Ke7 47. f4 c5 48. Rh5 Rd2 49. Rh7+ Kd6 50. Kxf6 Rg2 51. Rg7 a5 52. g4 Rxc2 53. Ra7 Rb2 54. g5 Rxb3 55. g6 Rg3 56. f5 b5 57. cxb5 c4 58. Rxa5 Kc5 59. g7 c3 60. Ra8 1-0

[Event "Muensterland Verbandsklasse-B 0304"]
[Site "Germany"]
[Date "2003.09.20"]
[Round "1.6"]
[White "Denkler, Juergen"]
[Black "Wehling, Ulrich"]
[Result "1/2-1/2"]
[WhiteElo "1760"]
[BlackElo "1842"]
[PlyCount "89"]
[EventDate "2003.09.20"]
[EventType "team-tourn"]
[EventRounds "9"]
[EventCountry "GER"]
[SourceTitle "EXT 2005"]
[Source "ChessBase"]
[SourceDate "2004.11.15"]
[SourceVersion "1"]
[SourceVersionDate "2004.11.15"]
[SourceQuality "1"]
[WhiteTeam "Metelen"]
[BlackTeam "Muenster IV"]
[WhiteTeamCountry "GER"]
[BlackTeamCountry "GER"]

1. d4 d5 2. c4 e6 3. Nf3 c6 4. e3 f5 5. Nc3 Nf6 6. cxd5 exd5 7. Bd3 Bd6 8. 0-0 0-0 9. a3 Ne4 10. Qb3 Qe7 11. Ne2 g5 12. Ne1 g4 13. f4 Nd7 14. Bxe4 fxe4 15. g3 Nb6 16. Ng2 Qf7 17. Bd2 Nc4 18. Bb4 b6 19. Bxd6 Nxd6 20. Qa4 Bd7 21. Qd1 Nf5 22. Nc3 Qg7 23. b4 Be6 24. Rc1 c5 25. bxc5 bxc5 26. dxc5 Rab8 27. Rf2 Rfd8 28. Rd2 d4 29. Nxe4 Bb3 30. Qe2 dxe3 31. Rxd8+ Rxd8 32. Nxe3 Nd4 33. Qf2 Nf3+ 34. Kg2 h5 35. Nf5 Qf8 36. Ned6 Bd5 37. Kf1 Qf6 38. Qc2 Rb8 39. Qc3 Nxh2+ 40. Kf2 Rb2+ 41. Ke1 Nf3+ 42. Kf1 Nd2+ 43. Ke1 Nf3+ 44. Kf1 Nh2+ 45. Ke1 1/2-1/2

[Event "Muensterland Verbandsklasse-B 0203"]
[Site "Muensterland"]
[Date "2003.01.18"]
[Round "5.5"]
[White "Wessel, Johannes"]
[Black "Wehling, Ulrich"]
[Result "0-1"]
[WhiteElo "1619"]
[BlackElo "1844"]
[PlyCount "58"]
[EventDate "2002.09.28"]
[EventType "team-tourn"]
[EventRounds "9"]
[EventCountry "GER"]
[SourceTitle "EXT 2004"]
[Source "ChessBase"]
[SourceDate "2003.11.25"]
[SourceVersion "1"]
[SourceVersionDate "2003.11.25"]
[SourceQuality "1"]
[WhiteTeam "Steinfurt"]
[BlackTeam "Muenster SK IV"]
[WhiteTeamCountry "GER"]
[BlackTeamCountry "GER"]

1. e4 Nf6 2. e5 Nd5 3. c4 Nb6 4. d4 d6 5. exd6 exd6 6. Bd3 Nc6 7. Be3 Be7 8. Nc3 Bf6 9. c5 dxc5 10. dxc5 Bxc3+ 11. bxc3 Nd7 12. Nf3 Nf6 13. h3 Be6 14. 0-0 0-0 15. Ng5 Bd7 16. Qc2 h6 17. Nf3 Nd5 18. Bd2 Qf6 19. Rab1 Nf4 20. Bxf4 Qxf4 21. Rxb7 Rfe8 22. Rd1 Bxh3 23. Bb5 Qg4 24. Nh4 Ne5 25. f3 Qxh4 26. Bxe8 Rxe8 27. gxh3 Nxf3+ 28. Kg2 Ne1+ 29. Rxe1 Qxe1 0-1